[Event "PMPJ 2022 - C15"]
[Site "Jastrzebia Gora"]
[Date "2022.11.06"]
[Round "1.29"]
[White "Niemczyk, Krzysztof"]
[Black "Palasz, Jakub"]
[Result "1/2-1/2"]
[BlackElo "1170"]
[WhiteElo "1575"]
[LiveChessVersion "1.4.4"]

1. e4 {[%clk 1:30:58]} d5 {[%clk 1:30:56]} 2. exd5 {[%clk 1:31:22]} Qxd5
{[%clk 1:31:17]} 3. Nc3 {[%clk 1:31:48]} Qa5 {[%clk 1:31:39]} 4. Nf3
{[%clk 1:32:00]} Nf6 {[%clk 1:31:58]} 5. d4 {[%clk 1:32:19]} Bf5 {[%clk 1:32:16]}
6. Bd3 {[%clk 1:32:16]} Bg6 {[%clk 1:32:04]} 7. O-O {[%clk 1:32:17]} e6
{[%clk 1:32:24]} 8. Bf4 {[%clk 1:31:25]} c6 {[%clk 1:32:21]} 9. Bg3
{[%clk 1:29:59]} Qd8 {[%clk 1:31:54]} 10. Re1 {[%clk 1:29:19]} Bd6
{[%clk 1:32:10]} 11. Ne4 {[%clk 1:29:15]} Nxe4 {[%clk 1:30:46]} 12. Bxe4
{[%clk 1:29:39]} Qc7 {[%clk 1:30:30]} 13. c4 {[%clk 1:26:14]} Bxe4
{[%clk 1:28:18]} 14. Rxe4 {[%clk 1:26:33]} O-O {[%clk 1:28:37]} 15. Qb3
{[%clk 1:18:24]} Bxg3 {[%clk 1:27:53]} 16. hxg3 {[%clk 1:18:47]} Nd7
{[%clk 1:27:50]} 17. Rd1 {[%clk 1:18:04]} Rfd8 {[%clk 1:26:44]} 18. Re2
{[%clk 1:16:37]} Nf6 {[%clk 1:22:40]} 19. Rc2 {[%clk 1:13:50]} c5
{[%clk 1:20:04]} 20. Rcd2 {[%clk 0:56:57]} b6 {[%clk 1:14:38]} 21. d5
{[%clk 0:50:29]} Rd6 {[%clk 1:13:38]} 22. Qe3 {[%clk 0:47:19]} Re8
{[%clk 1:12:09]} 23. Qf4 {[%clk 0:35:01]} Qe7 {[%clk 1:08:21]} 24. dxe6
{[%clk 0:34:49]} Rxe6 {[%clk 1:08:25]} 25. b3 {[%clk 0:28:44]} h5
{[%clk 0:58:37]} 26. Kf1 {[%clk 0:24:26]} Re2 {[%clk 0:50:11]} 27. Qg5
{[%clk 0:15:13]} Rxd2 {[%clk 0:44:46]} 28. Qxd2 {[%clk 0:14:33]} Ne4
{[%clk 0:42:47]} 29. Qd7 {[%clk 0:12:30]} Nc3 {[%clk 0:38:04]} 30. Qxe7
{[%clk 0:12:47]} Rxe7 {[%clk 0:38:27]} 31. Rd2 {[%clk 0:12:24]} f6
{[%clk 0:38:17]} 32. Nh4 {[%clk 0:12:08]} Kf7 {[%clk 0:37:07]} 33. Nf5
{[%clk 0:12:23]} Re5 {[%clk 0:36:32]} 34. Ne3 {[%clk 0:11:56]} Ke7
{[%clk 0:36:23]} 1/2-1/2

[Event "PMPJ 2022 - C15"]
[Site "Jastrzebia Gora"]
[Date "2022.11.06"]
[Round "1.30"]
[White "Szewczak, Filip"]
[Black "Nagly, Wojciech"]
[Result "1/2-1/2"]
[BlackElo "1559"]
[WhiteElo "1118"]
[LiveChessVersion "1.4.4"]

1. d4 c5 2. d5 e5 3. e4 d6 4. a4 Be7 5. Nd2 Bg5 6. Bd3 Bxd2+ 7. Bxd2 Ne7 8. Ne2
O-O 9. O-O f5 10. f4 fxe4 11. Bxe4 Nd7 12. Nc3 b6 13. fxe5 Rxf1+ 14. Qxf1 Nxe5
15. Bg5 Qd7 16. Qb5 N7g6 17. Bxg6 hxg6 18. Qxd7 Bxd7 19. Ne4 Nf7 20. Bf4 Bf5 21.
Nxd6 Nxd6 22. Bxd6 Rd8 23. Bf4 Rxd5 24. c3 Kf7 25. Kf2 Bc2 26. Be3 Ke6 27. b4
Rf5+ 28. Ke2 Kd5 29. a5 Kc4 30. axb6 axb6 1/2-1/2

[Event "PMPJ 2022 - C15"]
[Site "Jastrzebia Gora"]
[Date "2022.11.06"]
[Round "1.31"]
[White "Leszczewicz, Karol"]
[Black "Matysik, Mateusz"]
[Result "1/2-1/2"]
[BlackElo "1095"]
[WhiteElo "1554"]
[LiveChessVersion "1.4.4"]

1. d4 d5 2. Nf3 e6 3. c4 Nf6 4. Bg5 Bb4+ 5. Nc3 h6 6. Bxf6 gxf6 7. e3 Nc6 8. a3
Bxc3+ 9. bxc3 b6 10. cxd5 Qxd5 11. Bd3 Rg8 12. O-O Bb7 13. e4 Qh5 14. Qe2 f5 15.
d5 fxe4 16. Bxe4 Ne5 17. Rfe1 O-O-O 18. Nxe5 Qxe5 19. dxe6 Qxe4 20. Qxe4 Bxe4 21.
Rxe4 Rge8 22. e7 Rd3 23. Re3 Rxe3 24. fxe3 Rxe7 25. Kf2 Re4 26. Ke2 Kd7 27. Rd1+
Ke6 28. Rd4 Rxd4 29. exd4 Kd5 30. Kd3 b5 31. g4 c5 32. dxc5 Kxc5 33. h4 Kd5 34.
h5 f6 35. Ke3 Kc4 36. Kf4 Kxc3 37. Kf5 a5 38. Kxf6 b4 39. axb4 axb4 40. g5 hxg5
41. h6 b3 42. h7 b2 43. h8=Q b1=Q 44. Kxg5+ Kc2 1/2-1/2

[Event "PMPJ 2022 - C15"]
[Site "Jastrzebia Gora"]
[Date "2022.11.12"]
[Round "2.1"]
[White "Wilgosz, Szczepan"]
[Black "Gbiorczyk, Mikolaj"]
[Result "0-1"]
[BlackElo "1824"]
[WhiteElo "1618"]
[LiveChessVersion "1.4.4"]

1. e4 {[%clk 1:30:57]} e5 {[%clk 1:30:53]} 2. Nf3 {[%clk 1:30:52]} Nc6
{[%clk 1:31:17]} 3. Bb5 {[%clk 1:30:16]} a6 {[%clk 1:31:21]} 4. Ba4
{[%clk 1:30:28]} Nf6 {[%clk 1:31:29]} 5. O-O {[%clk 1:30:18]} Be7
{[%clk 1:31:22]} 6. Re1 {[%clk 1:30:17]} b5 {[%clk 1:31:31]} 7. Bb3
{[%clk 1:30:34]} d6 {[%clk 1:31:36]} 8. h3 {[%clk 1:28:29]} Na5 {[%clk 1:26:58]}
9. c3 {[%clk 1:19:15]} Nxb3 {[%clk 1:26:39]} 10. Qxb3 {[%clk 1:19:30]} Bb7
{[%clk 1:21:40]} 11. d3 {[%clk 1:16:31]} c5 {[%clk 1:18:24]} 12. c4
{[%clk 1:06:45]} b4 {[%clk 1:03:54]} 13. a4 {[%clk 1:03:34]} O-O {[%clk 0:56:02]}
14. Nh2 {[%clk 0:57:21]} Nd7 {[%clk 0:50:58]} 15. g4 {[%clk 0:48:38]} Bg5
{[%clk 0:48:48]} 16. Qd1 {[%clk 0:35:16]} g6 {[%clk 0:44:59]} 17. Nf3
{[%clk 0:22:16]} Bxc1 {[%clk 0:43:20]} 18. Qxc1 f5 {[%clk 0:30:27]} 19. gxf5
{[%clk 0:18:47]} gxf5 {[%clk 0:30:44]} 20. Qg5+ {[%clk 0:18:11]} Qxg5+
{[%clk 0:29:57]} 21. Nxg5 {[%clk 0:18:39]} h6 {[%clk 0:20:51]} 22. Ne6
{[%clk 0:17:15]} Rf6 {[%clk 0:20:57]} 23. Nc7 {[%clk 0:15:25]} Raf8
{[%clk 0:20:21]} 24. Re2 {[%clk 0:14:12]} fxe4 {[%clk 0:20:00]} 25. dxe4
{[%clk 0:14:28]} Bxe4 {[%clk 0:16:16]} 26. Rxe4 {[%clk 0:14:23]} Rxf2
{[%clk 0:16:36]} 27. Rg4+ {[%clk 0:12:46]} Kh8 {[%clk 0:14:24]} 28. Rg2
{[%clk 0:11:27]} Rf1+ {[%clk 0:13:41]} 29. Kh2 {[%clk 0:11:55]} Rc1
{[%clk 0:10:51]} 30. Rg1 {[%clk 0:07:25]} Rc2+ {[%clk 0:08:32]} 31. Rg2
{[%clk 0:07:44]} Rc1 {[%clk 0:07:46]} 32. Rg1 {[%clk 0:07:56]} Rc2+
{[%clk 0:08:10]} 33. Rg2 {[%clk 0:08:23]} Rff2 {[%clk 0:08:34]} 34. Rxf2
{[%clk 0:08:46]} Rxf2+ {[%clk 0:09:00]} 35. Kg3 {[%clk 0:08:47]} Rxb2
{[%clk 0:09:19]} 36. Ne8 {[%clk 0:08:04]} d5 {[%clk 0:03:39]} 37. Nd6
{[%clk 0:04:23]} Nb6 {[%clk 0:02:23]} 38. a5 {[%clk 0:01:13]} Nxc4
{[%clk 0:02:22]} 39. Nxc4 {[%clk 0:01:40]} dxc4 {[%clk 0:02:46]} 40. Kf3
{[%clk 0:02:00]} c3 {[%clk 0:01:43]} 41. Ke4 {[%clk 0:00:50]} c2 {[%clk 0:01:23]}
42. Nd2 {[%clk 0:01:08]} b3 {[%clk 0:00:57]} 43. Rc1 {[%clk 0:00:55]} c4
{[%clk 0:01:02]} 44. Kxe5 {[%clk 0:00:50]} Ra2 {[%clk 0:00:41]} 45. Nxc4
{[%clk 0:00:53]} Rxa5+ {[%clk 0:01:05]} 46. Kd4 {[%clk 0:00:38]} Ra4
{[%clk 0:00:56]} 47. Kc3 {[%clk 0:00:53]} Rxc4+ {[%clk 0:01:21]} 48. Kxb3
{[%clk 0:01:18]} Rc6 {[%clk 0:01:39]} 49. Kb4 {[%clk 0:01:01]} Kg7
{[%clk 0:02:01]} 50. Kb3 {[%clk 0:01:04]} Kg6 {[%clk 0:02:19]} 51. Kb2
{[%clk 0:01:30]} Kg5 {[%clk 0:02:39]} 0-1

[Event "PMPJ 2022 - C15"]
[Site "Jastrzebia Gora"]
[Date "2022.11.12"]
[Round "2.2"]
[White "Wydmanski, Szymon"]
[Black "Krasniewski, Maciej"]
[Result "1-0"]
[BlackElo "1619"]
[WhiteElo "1809"]
[LiveChessVersion "1.4.4"]

1. e4 {[%clk 1:30:55]} c5 {[%clk 1:30:57]} 2. Nf3 {[%clk 1:31:20]} e6
{[%clk 1:31:22]} 3. d4 {[%clk 1:31:40]} cxd4 {[%clk 1:31:48]} 4. Nxd4
{[%clk 1:32:06]} Nc6 {[%clk 1:32:12]} 5. Nc3 {[%clk 1:32:22]} Qc7
{[%clk 1:32:37]} 6. Be3 {[%clk 1:32:40]} a6 {[%clk 1:33:04]} 7. Qf3
{[%clk 1:33:04]} Nf6 {[%clk 1:31:21]} 8. O-O-O {[%clk 1:31:24]} d6
{[%clk 1:16:25]} 9. Nxc6 {[%clk 1:25:17]} Qxc6 {[%clk 1:15:38]} 10. Be2
{[%clk 1:24:32]} Be7 {[%clk 1:11:18]} 11. g4 {[%clk 1:22:08]} Qc7
{[%clk 0:41:45]} 12. h4 {[%clk 1:09:05]} Nd7 {[%clk 0:28:42]} 13. g5
{[%clk 1:05:30]} b5 {[%clk 0:26:40]} 14. a3 {[%clk 0:54:54]} Bb7 {[%clk 0:24:27]}
15. h5 {[%clk 0:53:54]} Rf8 {[%clk 0:19:52]} 16. g6 {[%clk 0:45:12]} hxg6
{[%clk 0:14:35]} 17. hxg6 {[%clk 0:45:27]} f5 {[%clk 0:14:30]} 18. Qh3
{[%clk 0:42:39]} Nc5 {[%clk 0:12:52]} 19. exf5 {[%clk 0:40:38]} exf5
{[%clk 0:05:17]} 20. Nd5 {[%clk 0:25:07]} Bxd5 {[%clk 0:04:00]} 21. Rxd5
{[%clk 0:25:32]} Qc6 {[%clk 0:03:09]} 22. Rhd1 {[%clk 0:21:18]} Rc8
{[%clk 0:03:19]} 23. Bxc5 {[%clk 0:20:09]} dxc5 {[%clk 0:03:47]} 24. Rxf5
{[%clk 0:19:24]} Rf6 {[%clk 0:01:29]} 25. Rxf6 {[%clk 0:17:33]} Bxf6
{[%clk 0:01:55]} 26. Bg4 {[%clk 0:17:51]} Bg5+ {[%clk 0:00:36]} 27. Kb1
{[%clk 0:18:02]} Rc7 {[%clk 0:00:34]} 28. Qh8+ {[%clk 0:18:11]} 1-0

[Event "PMPJ 2022 - C15"]
[Site "Jastrzebia Gora"]
[Date "2022.11.12"]
[Round "2.3"]
[White "Chmura, Eryk"]
[Black "Krol, Jan"]
[Result "0-1"]
[BlackElo "1804"]
[WhiteElo "1614"]
[LiveChessVersion "1.4.4"]

1. e4 {[%clk 1:30:57]} c5 {[%clk 1:30:56]} 2. c3 {[%clk 1:31:21]} d5
{[%clk 1:30:56]} 3. exd5 {[%clk 1:31:44]} Qxd5 {[%clk 1:31:24]} 4. d4
{[%clk 1:32:04]} e6 {[%clk 1:29:45]} 5. Nf3 {[%clk 1:32:23]} Nf6 {[%clk 1:24:01]}
6. Na3 {[%clk 1:32:42]} Bd7 {[%clk 1:19:05]} 7. Nb5 {[%clk 1:15:30]} Bxb5
{[%clk 1:15:12]} 8. Bxb5+ {[%clk 1:15:50]} Nbd7 {[%clk 1:12:33]} 9. Qe2
{[%clk 1:07:50]} cxd4 {[%clk 1:12:32]} 10. O-O {[%clk 1:05:16]} a6
{[%clk 1:06:36]} 11. Bc4 {[%clk 1:00:02]} d3 {[%clk 0:59:06]} 12. Bxd3
{[%clk 1:00:21]} Bd6 {[%clk 0:50:31]} 13. Rd1 {[%clk 0:53:29]} Qc6
{[%clk 0:45:15]} 14. Bc4 {[%clk 0:42:14]} O-O {[%clk 0:38:18]} 15. Bxe6
{[%clk 0:35:28]} Bxh2+ {[%clk 0:38:44]} 16. Kxh2 {[%clk 0:35:49]} fxe6
{[%clk 0:39:11]} 17. Nd4 {[%clk 0:31:21]} Qd6+ {[%clk 0:37:22]} 18. Kg1
{[%clk 0:25:35]} e5 {[%clk 0:35:45]} 19. Nf5 {[%clk 0:21:46]} Qe6
{[%clk 0:35:27]} 20. Nd6 {[%clk 0:21:29]} b5 {[%clk 0:33:52]} 21. Be3
{[%clk 0:20:22]} Ng4 {[%clk 0:25:30]} 22. Ne4 {[%clk 0:17:09]} Ndf6
{[%clk 0:22:21]} 23. Bc5 {[%clk 0:15:37]} Rfc8 {[%clk 0:19:37]} 24. b4
{[%clk 0:15:43]} Nxe4 {[%clk 0:13:10]} 25. Qxe4 {[%clk 0:16:06]} Nf6
{[%clk 0:13:35]} 26. Qd3 {[%clk 0:14:51]} e4 {[%clk 0:08:55]} 27. Qg3
{[%clk 0:09:59]} Qf5 {[%clk 0:08:01]} 28. a4 {[%clk 0:08:15]} bxa4
{[%clk 0:06:49]} 29. Rxa4 {[%clk 0:08:10]} Nh5 {[%clk 0:06:45]} 30. Qh3
{[%clk 0:05:04]} Qe5 {[%clk 0:01:06]} 31. Bd4 {[%clk 0:03:06]} Qe8
{[%clk 0:00:55]} 32. Ra5 {[%clk 0:03:30]} Nf4 {[%clk 0:00:51]} 33. Qg4
{[%clk 0:03:54]} Ng6 {[%clk 0:00:45]} 34. Re1 {[%clk 0:03:28]} Qf7
{[%clk 0:00:43]} 35. Rxe4 {[%clk 0:03:20]} Re8 {[%clk 0:00:48]} 36. Rf5
{[%clk 0:03:16]} Qb3 {[%clk 0:00:42]} 37. Qe2 {[%clk 0:02:57]} Qb1+
{[%clk 0:01:03]} 38. Qf1 {[%clk 0:02:49]} Qxf1+ {[%clk 0:01:21]} 39. Kxf1
{[%clk 0:03:15]} Rxe4 {[%clk 0:01:47]} 40. Rd5 {[%clk 0:03:34]} Rae8
{[%clk 0:02:09]} 41. f3 {[%clk 0:03:54]} Re1+ {[%clk 0:02:27]} 42. Kf2
{[%clk 0:04:19]} Nf4 {[%clk 0:02:45]} 43. Rd7 {[%clk 0:04:41]} R1e7
{[%clk 0:03:04]} 44. Rd6 {[%clk 0:05:03]} h5 {[%clk 0:03:14]} 45. g3
{[%clk 0:04:27]} Re2+ {[%clk 0:03:20]} 0-1

[Event "PMPJ 2022 - C15"]
[Site "Jastrzebia Gora"]
[Date "2022.11.12"]
[Round "2.4"]
[White "Trzebinski, Patryk"]
[Black "Marek, Grzegorz"]
[Result "0-1"]
[BlackElo "1614"]
[WhiteElo "1800"]
[LiveChessVersion "1.4.4"]

1. e4 {[%clk 1:30:57]} c5 {[%clk 1:30:48]} 2. Nf3 {[%clk 1:31:16]} Nc6
{[%clk 1:31:11]} 3. d4 {[%clk 1:31:34]} cxd4 {[%clk 1:31:33]} 4. Nxd4
{[%clk 1:31:59]} Nf6 {[%clk 1:31:54]} 5. Nc3 {[%clk 1:32:20]} e5 {[%clk 1:32:12]}
6. Ndb5 {[%clk 1:32:34]} d6 {[%clk 1:32:29]} 7. Nd5 {[%clk 1:32:40]} Nxd5
{[%clk 1:32:46]} 8. exd5 {[%clk 1:33:05]} Nb8 {[%clk 1:33:05]} 9. c4
{[%clk 1:33:28]} Be7 {[%clk 1:32:55]} 10. Bd3 {[%clk 1:33:50]} O-O
{[%clk 1:26:22]} 11. O-O {[%clk 1:32:55]} a6 {[%clk 1:26:07]} 12. Nc3
{[%clk 1:33:12]} f5 {[%clk 1:25:30]} 13. f3 {[%clk 1:33:14]} Nd7 {[%clk 1:11:33]}
14. Be3 {[%clk 1:32:54]} Qe8 {[%clk 0:55:32]} 15. Qc2 {[%clk 1:25:48]} Qh5
{[%clk 0:37:24]} 16. Na4 {[%clk 1:19:47]} f4 {[%clk 0:33:25]} 17. Bf2
{[%clk 1:20:02]} Rf6 {[%clk 0:33:25]} 18. h3 {[%clk 0:21:28]} b5 {[%clk 0:01:36]}
19. cxb5 {[%clk 0:18:21]} axb5 {[%clk 0:02:02]} 20. Qc6 {[%clk 0:13:12]} Nf8
{[%clk 0:00:49]} 21. Qxa8 {[%clk 0:12:29]} Bxh3 {[%clk 0:01:11]} 22. Rfe1
{[%clk 0:10:10]} Qg5 {[%clk 0:00:32]} 23. Kf1 {[%clk 0:10:35]} Bxg2+
{[%clk 0:00:46]} 24. Ke2 {[%clk 0:11:04]} Bxf3+ {[%clk 0:00:34]} 25. Kd2
{[%clk 0:11:33]} Qg2 {[%clk 0:00:33]} 26. Qa7 {[%clk 0:11:33]} bxa4
{[%clk 0:00:39]} 27. Rg1 {[%clk 0:12:00]} Qh2 {[%clk 0:00:50]} 28. Raf1
{[%clk 0:11:02]} Rf7 {[%clk 0:00:41]} 29. Qxa4 {[%clk 0:11:18]} Bh4
{[%clk 0:00:45]} 30. Qe8 {[%clk 0:00:48]} Bxf2 {[%clk 0:00:36]} 31. Bxh7+
{[%clk 0:01:16]} Kxh7 {[%clk 0:00:50]} 32. Qxf7 {[%clk 0:01:45]} Bd4+
{[%clk 0:00:46]} 0-1

[Event "PMPJ 2022 - C15"]
[Site "Jastrzebia Gora"]
[Date "2022.11.12"]
[Round "2.5"]
[White "Wandor, Adam"]
[Black "Jaworski, Tymon"]
[Result "1/2-1/2"]
[BlackElo "1791"]
[WhiteElo "1585"]
[LiveChessVersion "1.4.4"]

1. e4 {[%clk 1:30:57]} e6 {[%clk 1:30:49]} 2. d4 {[%clk 1:31:22]} d5
{[%clk 1:31:11]} 3. Nd2 {[%clk 1:31:46]} Nf6 {[%clk 1:31:32]} 4. e5
{[%clk 1:32:08]} Nfd7 {[%clk 1:31:53]} 5. Bd3 {[%clk 1:32:30]} c5
{[%clk 1:32:12]} 6. c3 {[%clk 1:32:53]} Nc6 {[%clk 1:32:25]} 7. Ne2
{[%clk 1:33:16]} cxd4 {[%clk 1:32:14]} 8. cxd4 {[%clk 1:33:40]} f6
{[%clk 1:32:24]} 9. exf6 {[%clk 1:22:47]} Nxf6 {[%clk 1:31:29]} 10. O-O
{[%clk 1:20:57]} Bd6 {[%clk 1:28:39]} 11. Nf3 {[%clk 1:15:26]} O-O
{[%clk 1:26:38]} 12. Bg5 {[%clk 1:10:25]} Bd7 {[%clk 1:14:05]} 13. Bb1
{[%clk 0:56:14]} Qc7 {[%clk 1:04:09]} 14. Nc3 {[%clk 0:37:49]} a6
{[%clk 0:58:19]} 15. a3 {[%clk 0:33:34]} Bf4 {[%clk 0:52:50]} 16. Qd3
{[%clk 0:28:43]} g6 {[%clk 0:47:34]} 17. g3 {[%clk 0:23:38]} Bxg5
{[%clk 0:39:04]} 18. Nxg5 {[%clk 0:23:56]} Rae8 {[%clk 0:33:13]} 19. Nxh7
{[%clk 0:21:28]} Kxh7 {[%clk 0:32:36]} 20. Qxg6+ {[%clk 0:21:50]} Kh8
{[%clk 0:32:56]} 21. Qh6+ {[%clk 0:20:31]} Kg8 {[%clk 0:33:10]} 22. Qg6+
{[%clk 0:18:29]} Kh8 {[%clk 0:33:33]} 23. Qh6+ {[%clk 0:18:28]} Kg8
{[%clk 0:33:59]} 24. Qg6+ {[%clk 0:18:31]} Kh8 {[%clk 0:34:20]} 25. Qh6+
{[%clk 0:18:55]} Kg8 {[%clk 0:34:48]} 26. Qg6+ {[%clk 0:19:09]} Kh8
{[%clk 0:35:14]} 27. Qh6+ {[%clk 0:19:31]} Kg8 {[%clk 0:34:57]} 28. Qg6+ Kh8
1/2-1/2

[Event "PMPJ 2022 - C15"]
[Site "Jastrzebia Gora"]
[Date "2022.11.12"]
[Round "2.6"]
[White "Bochenek, Ryszard"]
[Black "Wierzbicki, Dawid"]
[Result "1/2-1/2"]
[BlackElo "1732"]
[WhiteElo "1437"]
[LiveChessVersion "1.4.4"]

1. e4 {[%clk 1:30:50]} c5 {[%clk 1:30:45]} 2. Nf3 {[%clk 1:30:17]} Nc6
{[%clk 1:30:45]} 3. d4 {[%clk 1:30:05]} cxd4 {[%clk 1:31:09]} 4. Nxd4
{[%clk 1:30:32]} Nf6 {[%clk 1:31:34]} 5. Nc3 {[%clk 1:30:57]} d6 {[%clk 1:32:00]}
6. Be3 {[%clk 1:30:48]} Ng4 {[%clk 1:32:12]} 7. Qd2 {[%clk 1:27:06]} Nxe3
{[%clk 1:31:08]} 8. Qxe3 {[%clk 1:27:26]} g6 {[%clk 1:29:53]} 9. f3
{[%clk 1:23:22]} Qb6 {[%clk 1:07:33]} 10. Bb5 {[%clk 1:00:07]} Bd7
{[%clk 0:53:31]} 11. O-O-O {[%clk 0:31:05]} Bg7 {[%clk 0:52:18]} 12. Nd5
{[%clk 0:22:54]} Bxd4 {[%clk 0:52:09]} 13. Qd3 {[%clk 0:23:16]} Qa5
{[%clk 0:39:13]} 14. Bxc6 {[%clk 0:22:28]} Bxb2+ {[%clk 0:36:08]} 15. Kxb2
{[%clk 0:21:06]} bxc6 {[%clk 0:36:26]} 16. Qc3 {[%clk 0:18:58]} Rb8+
{[%clk 0:36:10]} 17. Kc1 {[%clk 0:18:51]} Qxc3 {[%clk 0:36:29]} 18. Nxc3
{[%clk 0:19:18]} O-O {[%clk 0:35:52]} 19. Kd2 {[%clk 0:19:02]} Be6
{[%clk 0:36:06]} 20. a3 {[%clk 0:18:32]} Bc4 {[%clk 0:35:47]} 21. Rb1
{[%clk 0:16:14]} Kg7 {[%clk 0:35:38]} 22. Ke3 {[%clk 0:16:22]} c5
{[%clk 0:35:13]} 23. h4 {[%clk 0:14:50]} f5 {[%clk 0:35:00]} 24. Rhd1
{[%clk 0:13:02]} f4+ {[%clk 0:33:13]} 25. Kf2 {[%clk 0:13:12]} Rb6
{[%clk 0:33:01]} 26. Rxb6 {[%clk 0:12:45]} axb6 {[%clk 0:33:27]} 27. Nd5
{[%clk 0:12:58]} Bxd5 {[%clk 0:33:14]} 28. exd5 {[%clk 0:13:17]} Rf5
{[%clk 0:33:09]} 29. c4 {[%clk 0:13:26]} Rf8 {[%clk 0:32:51]} 30. Re1
{[%clk 0:13:25]} Kf7 {[%clk 0:32:40]} 31. Re4 {[%clk 0:13:17]} Ke8
{[%clk 0:33:05]} 32. Ke2 {[%clk 0:13:16]} Kd7 {[%clk 0:33:30]} 33. Kd2
{[%clk 0:13:28]} h6 {[%clk 0:33:28]} 34. Kc3 {[%clk 0:11:51]} g5 {[%clk 0:33:47]}
35. h5 {[%clk 0:10:45]} Rf5 {[%clk 0:27:31]} 36. Re6 {[%clk 0:10:00]} g4
{[%clk 0:26:31]} 37. fxg4 {[%clk 0:08:51]} f3 {[%clk 0:25:54]} 38. gxf3
{[%clk 0:07:30]} Rxf3+ {[%clk 0:26:17]} 39. Kb2 {[%clk 0:07:36]} Rf4
{[%clk 0:26:25]} 1/2-1/2

[Event "PMPJ 2022 - C15"]
[Site "Jastrzebia Gora"]
[Date "2022.11.12"]
[Round "2.7"]
[White "Duda, Szymon"]
[Black "Miler, Franciszek"]
[Result "1-0"]
[BlackElo "1608"]
[WhiteElo "1697"]
[LiveChessVersion "1.4.4"]

1. d4 {[%clk 1:30:57]} Nf6 {[%clk 1:30:40]} 2. c4 {[%clk 1:31:12]} g6
{[%clk 1:31:00]} 3. Nf3 {[%clk 1:31:01]} Bg7 {[%clk 1:31:19]} 4. g3
{[%clk 1:31:18]} d6 {[%clk 1:31:39]} 5. Bg2 {[%clk 1:31:39]} O-O {[%clk 1:31:55]}
6. O-O {[%clk 1:32:02]} c5 {[%clk 1:31:24]} 7. d5 {[%clk 1:29:53]} e6
{[%clk 1:31:31]} 8. Nc3 {[%clk 1:28:44]} exd5 {[%clk 1:31:42]} 9. cxd5
{[%clk 1:28:36]} Re8 {[%clk 1:30:20]} 10. Re1 {[%clk 1:27:53]} a6
{[%clk 1:26:06]} 11. a4 {[%clk 1:27:35]} Nbd7 {[%clk 1:26:15]} 12. h3
{[%clk 1:16:43]} Rb8 {[%clk 1:22:09]} 13. a5 {[%clk 1:12:20]} b5 {[%clk 1:22:28]}
14. axb6 {[%clk 1:12:44]} Nxb6 {[%clk 1:22:54]} 15. e4 {[%clk 1:12:52]} Nc4
{[%clk 1:17:42]} 16. Bf1 {[%clk 1:02:20]} Na5 {[%clk 1:08:02]} 17. Nd2
{[%clk 1:00:17]} Rb4 {[%clk 1:03:22]} 18. Na2 {[%clk 0:48:50]} Rd4
{[%clk 1:01:57]} 19. Qc2 {[%clk 0:48:26]} Rxd5 {[%clk 0:56:03]} 20. Nf3
{[%clk 0:46:14]} Rh5 {[%clk 0:54:02]} 21. Bf4 {[%clk 0:40:25]} Bxh3
{[%clk 0:50:19]} 22. Bxh3 {[%clk 0:40:11]} Rxh3 {[%clk 0:50:43]} 23. Rad1
{[%clk 0:40:08]} Nb7 {[%clk 0:50:26]} 24. e5 {[%clk 0:22:40]} Nh5
{[%clk 0:44:41]} 25. Bc1 {[%clk 0:19:17]} h6 {[%clk 0:30:18]} 26. e6
{[%clk 0:16:06]} Rxe6 {[%clk 0:09:33]} 27. Rxe6 {[%clk 0:16:09]} fxe6
{[%clk 0:09:57]} 28. Kg2 {[%clk 0:15:21]} Rxg3+ {[%clk 0:05:14]} 29. fxg3
{[%clk 0:15:44]} Kh7 30. Qe4 {[%clk 0:13:50]} Qe7 {[%clk 0:05:00]} 31. Re1
{[%clk 0:09:03]} e5 {[%clk 0:04:59]} 32. Nc3 {[%clk 0:08:55]} Nf6
{[%clk 0:05:20]} 33. Qh4 {[%clk 0:05:25]} Nd8 {[%clk 0:04:52]} 34. Ne4
{[%clk 0:03:51]} Nf7 {[%clk 0:04:25]} 35. Nxf6+ {[%clk 0:02:57]} Bxf6
{[%clk 0:04:34]} 36. Qe4 {[%clk 0:02:45]} Kg7 {[%clk 0:02:54]} 37. Qd5
{[%clk 0:01:24]} Qc7 {[%clk 0:02:31]} 38. Rf1 {[%clk 0:00:45]} Qd7
{[%clk 0:01:16]} 39. Nd2 {[%clk 0:00:35]} Ng5 {[%clk 0:00:33]} 40. Nc4
{[%clk 0:00:34]} Nf7 {[%clk 0:00:50]} 41. Qd1 {[%clk 0:00:31]} d5
{[%clk 0:00:40]} 42. Qf3 {[%clk 0:00:36]} Qe6 {[%clk 0:00:38]} 43. Ne3
{[%clk 0:00:37]} e4 {[%clk 0:00:31]} 44. Qg4 {[%clk 0:00:39]} Qe5
{[%clk 0:00:33]} 45. Rf5 {[%clk 0:00:32]} Qd4 {[%clk 0:00:31]} 46. Rxd5
{[%clk 0:00:47]} Qa4 {[%clk 0:00:38]} 47. Qd1 {[%clk 0:00:32]} Qb4
{[%clk 0:00:45]} 48. Rd7 {[%clk 0:00:35]} Bd4 {[%clk 0:00:53]} 49. Qf1
{[%clk 0:00:32]} Qb3 {[%clk 0:01:16]} 50. Qc4 {[%clk 0:00:41]} Qxc4
{[%clk 0:01:13]} 51. Nxc4 {[%clk 0:01:08]} 1-0

[Event "PMPJ 2022 - C15"]
[Site "Jastrzebia Gora"]
[Date "2022.11.12"]
[Round "2.8"]
[White "Rodziewicz-bielewicz, Kuba"]
[Black "Grzebieniowski, Michal"]
[Result "1-0"]
[BlackElo "1665"]
[WhiteElo "1274"]
[LiveChessVersion "1.4.4"]

1. e4 {[%clk 1:30:56]} c6 {[%clk 1:31:00]} 2. d4 {[%clk 1:31:14]} d5
{[%clk 1:31:20]} 3. exd5 {[%clk 1:31:32]} cxd5 {[%clk 1:31:48]} 4. c4
{[%clk 1:31:31]} Nf6 {[%clk 1:32:02]} 5. Nc3 {[%clk 1:30:47]} e6 {[%clk 1:32:26]}
6. Nf3 {[%clk 1:29:49]} Nc6 {[%clk 1:32:33]} 7. Bf4 {[%clk 1:24:56]} dxc4
{[%clk 1:30:49]} 8. Bxc4 {[%clk 1:24:43]} Be7 {[%clk 1:31:12]} 9. O-O
{[%clk 1:24:10]} O-O {[%clk 1:31:36]} 10. Re1 {[%clk 1:19:18]} a6
{[%clk 1:30:30]} 11. Bb3 {[%clk 1:18:23]} Nb4 {[%clk 1:29:51]} 12. Rc1
{[%clk 1:13:37]} b6 {[%clk 1:29:37]} 13. a3 {[%clk 1:13:05]} Nbd5
{[%clk 1:29:12]} 14. Nxd5 {[%clk 1:12:35]} Nxd5 {[%clk 1:29:40]} 15. Bxd5
{[%clk 1:12:09]} Qxd5 {[%clk 1:29:57]} 16. Bc7 {[%clk 1:04:15]} b5
{[%clk 1:27:50]} 17. Qd3 {[%clk 0:55:48]} Bb7 {[%clk 1:21:52]} 18. Ba5
{[%clk 0:49:41]} Rac8 {[%clk 1:20:34]} 19. h3 {[%clk 0:48:21]} Bf6
{[%clk 1:17:18]} 20. Qe3 {[%clk 0:44:23]} h6 {[%clk 1:14:28]} 21. Bb4
{[%clk 0:35:49]} Rfd8 {[%clk 1:14:24]} 22. Rxc8 {[%clk 0:33:19]} Rxc8
{[%clk 1:14:45]} 23. Bc5 {[%clk 0:32:23]} Rd8 {[%clk 1:11:28]} 24. Qf4
{[%clk 0:28:12]} Qh5 {[%clk 1:07:23]} 25. Bb6 {[%clk 0:19:12]} Rd7
{[%clk 1:04:53]} 26. Ne5 {[%clk 0:17:05]} Rd5 {[%clk 0:56:00]} 27. Ng4
{[%clk 0:16:23]} Kh7 {[%clk 0:51:57]} 28. Qxf6 {[%clk 0:14:12]} Qxg4
{[%clk 0:52:03]} 29. Qxf7 {[%clk 0:12:44]} Qxg2+ {[%clk 0:52:14]} 30. Kxg2
{[%clk 0:13:07]} Rd7+ {[%clk 0:52:43]} 31. Qf3 {[%clk 0:13:21]} 1-0